Niezapomniane Jedenastki #6: Milan 2006/2007 - Statystyki

Ogólne statystyki
  • Ten quiz został rozwiązany 159 razy
  • Średni wynik to 9 z 11
Statystyki odpowiedzi
Pozycja Kraj Inicjały Zawodnik % Poprawnych
ŚPO Brazylia K Kaka
99%
BR Brazylia D Dida
98%
ŚO Włochy PM Paolo Maldini
96%
ŚP Włochy AP Andrea Pirlo
90%
ŚO Włochy AN Alessandro Nesta
89%
N Włochy FI Filippo Inzaghi
87%
ŚPD Włochy GG Gennaro Gattuso
84%
ŚP Holandia CS Clarence Seedorf
83%
LO Czechy MJ Marek Jankulovski
53%
ŚP Włochy MA Massimo Ambrosini
49%
PO Włochy MO Massimo Oddo
39%
Nie znaleziono quizów pasujących do podanych kryteriów
Rozkład punktacji
Procent ludzi z każdym wynikiem
Percentyl według liczby udzielonych odpowiedzi
Twoja historia wyników
Nie rozwiązałeś tego quizu